Vikalpa The Journal Of Decision Makers (Record no. 41539)
[ view plain ]
| 000 -LEADER | |
|---|---|
| fixed length control field | 00347nam a22001337a 4500 |
| 008 - FIXED-LENGTH DATA ELEMENTS--GENERAL INFORMATION | |
| fixed length control field | 240926b |||||||| |||| 00| 0 eng d |
| 022 ## - INTERNATIONAL STANDARD SERIAL NUMBER | |
| International Standard Serial Number | 02560909 |
| 041 ## - LANGUAGE CODE | |
| Language code of text/sound track or separate title | Eng |
| 245 ## - TITLE STATEMENT | |
| Title | Vikalpa The Journal Of Decision Makers |
| 260 ## - PUBLICATION, DISTRIBUTION, ETC. | |
| Place of publication, distribution, etc. | New Dehli |
| Name of publisher, distributor, etc. | Sage Publication |
| Date of publication, distribution, etc. | 2024 |
| 300 ## - PHYSICAL DESCRIPTION | |
| Extent | 113p |
| 856 ## - ELECTRONIC LOCATION AND ACCESS | |
| Uniform Resource Identifier | <a href="journals.sagepub.com/home/vik">journals.sagepub.com/home/vik</a> |
| 942 ## - ADDED ENTRY ELEMENTS (KOHA) | |
| Koha item type | Serial |
| Withdrawn status | Lost status | Source of classification or shelving scheme | Damaged status | Not for loan | Home library | Current library | Date acquired | Serial Enumeration / chronology | Total Checkouts | Barcode | Date last seen | Price effective from | Koha item type |
|---|---|---|---|---|---|---|---|---|---|---|---|---|---|
| Dewey Decimal Classification | IMTN | IMTN | 09/26/2024 | Vol. 49, No. 1 | P25 | 09/26/2024 | 09/26/2024 | Serial | |||||
| Dewey Decimal Classification | IMTN | IMTN | 09/28/2024 | Vol. 49, No. 2 | P36 | 09/28/2024 | 09/28/2024 | Serial | |||||
| Dewey Decimal Classification | IMTN | IMTN | 11/10/2024 | Vol. 49, No. 3 | P92 | 11/10/2024 | 11/10/2024 | Serial | |||||
| Dewey Decimal Classification | IMTN | IMTN | 02/18/2025 | Vol. 49, No. 4 | P139 | 02/18/2025 | 02/18/2025 | Serial | |||||
| Dewey Decimal Classification | IMTN | IMTN | 08/13/2025 | Vol. 50, No. 2 | P755 | 08/13/2025 | 08/13/2025 | Serial | |||||
| Dewey Decimal Classification | IMTN | IMTN | 09/29/2025 | Vol. 50, No. 1 | P902 | 09/29/2025 | 09/29/2025 | Serial | |||||
| Dewey Decimal Classification | IMTN | IMTN | 09/29/2025 | Vol. 50, No. 3 | P903 | 09/29/2025 | 09/29/2025 | Serial |